Metodika ochrany dřeva : příloha časopisu Zprávy památkové péče

Enregistré dans:
Détails bibliographiques
Format: Livre
Publié: Praha : Státní ústav památkové péče, 2000
Sujets:
Tags: Ajouter un tag
Pas de tags, Soyez le premier à ajouter un tag!

MARC

LEADER 00000nam a22000003a 4500
001 stu93599
005 20141121190706.0
008 050415s2000----------------------------d
020 |a 80-86234-14-2 
040 |a STU  |b slo 
041 0
245 |a Metodika ochrany dřeva :  |b příloha časopisu Zprávy památkové péče 
260 |a Praha :  |b Státní ústav památkové péče,  |c 2000 
300 |a 65 s 
650 7 |a drevo  |2 stusub 
650 7 |a ochrana  |2 stusub 
650 7 |a ochrana pamiatok  |2 stusub 
650 7 |a obnova pamiatok  |2 stusub 
996 |b 284AB00190  |c A*884 B  |l AAKNAR  |s A  |a 24  |w stu93599_0001